| 000 | 00491cam a2200181ua 4500 | ||
|---|---|---|---|
| 003 | OSt | ||
| 008 | 250823b |||||||| |||| 00| 0 eng d | ||
| 082 |
_a628 _bMAR/EN |
||
| 100 |
_aMarimuthu, V.M . _91417 |
||
| 245 | _aEnvironmental engineering and pollution control / | ||
| 250 | _a2 / | ||
| 260 |
_a : _bPratheeba publishers , _c1993. |
||
| 300 | _a219 ; . | ||
| 700 | 1 |
_aBalasubramanian, A . _91418 |
|
| 700 | 1 |
_aMurugesan, R . _91419 |
|
| 700 | 1 |
_aPadmini, S . _91420 |
|
| 942 | _cBK | ||
| 999 |
_c2216 _d2216 |
||